000 01622cam a2200349 4500
001 breakthroughamaz00raud
003 CaSfIA
005 20210117221645.0
007 cr||||
008 710603s1971 nyu 000 0 eng
035 _9(DLC) 75127408
856 4 1 _uhttp://www.archive.org/details/breakthroughamaz00raud
_zFree eBook from the Internet Archive
856 4 2 _uhttp://www.openlibrary.org/books/OL5219696M
_zAdditional information and access via Open Library
010 _a 75127408
020 _a0800809653
040 _aDLC
_cDLC
_dDLC
_dCaSfIA
041 1 _aengger
050 0 0 _aBF1029
_b.R3813 1971b
082 0 0 _a133.93
100 1 _aRaudive, Konstantins,
_d1909-1974.
240 1 0 _aUnhörbares wird hörbar.
_lEnglish
245 1 0 _aBreakthrough: an amazing experiment in electronic communication with the dead
_h[electronic resource]
_c[by] Konstantin Raudive. Translated by Nadia Fowler. Edited by Joyce Morton. With a pref. by Peter Bander.
260 _aNew York,
_bTaplinger
_c[1971]
300 _axxxi, 391 p.
_c23 cm.
350 _a$10.00
500 _aTranslation of Unhörbares wird hörbar.
500 _aAccompanied by phonodisc (2 s. 7 in. 33 1/3 rpm. microgroove); includes errata.
650 0 _aParapsychology
_vCase studies.
942 _cEB
506 _fНеобхідна авторизація на https://archive.org/ (створення облікового запису безкоштовно)
506 _fНеобхідна авторизація на https://openlibrary.org/ (створення облікового запису безкоштовно)
999 _c476427
_d476427